000 00517nam a22001937a 4500
003 CEME
005 20210628210712.0
008 210201b xxu||||| |||| 00| 0 eng d
020 _a81-297-0330-0
040 _c.
082 _a004.66 COM
100 _aComer, Douglas E
_963209
245 _aComputer networks and internets,with internet applications
250 _a4TH
260 _aINDIA
_bPEARSON EDUCATION
_c2004
300 _aXXV,719P
650 _aCOMPUTER NETWORKS AND INTERNETS
_969622
942 _cBK
_2ddc
999 _c585516
_d585516